00598nam a2200217 u 45000010006000000050017000060080041000230350010000640350020000740400013000940410008001070820008001151000087001232450027002102500010002372600047002473000018002946500018003126500029003306500021003593395020260428111215.0960313s1910 spa  a33950 a(OCoLC)55456002 ccomduadb aspa 4a17010aSchopenhauer, Arthur,d1788-18604aut0(isni)000000012122233X0(viaf)17229367eaut10aFundamento de la moral a01.ED aValencia (Venezuela) :bF. Sempere,c1910. a240 páginas 7aÉtica2lemb 7aConducta (Ética)2lemb aTeología moral